| 000 | 01339cam a22003857a 4500 | ||
|---|---|---|---|
| 003 | CHAP | ||
| 005 | 20220817043811.0 | ||
| 008 | 011010d1998 it r 00010 spa d | ||
| 010 | _a84809 | ||
| 011 | _a85781 | ||
| 020 | _a9250042108 | ||
| 035 | _a96317 | ||
| 040 | _cCHAP | ||
| 082 | 1 | 0 |
_a639.2 _bF46 v.589 |
| 110 | 2 | _aFAO | |
| 245 | 1 | 0 |
_aComité de pesca informe de la sexta reunión del subcomité sobre comercio pesquero _c/by FAO |
| 250 | _aed. trilingue | ||
| 260 |
_aRome : _bFAO, _c1998 |
||
| 300 | _a75 p. | ||
| 490 | 0 |
_aFAO. Informe de pesca _v; 589 |
|
| 500 | _aEdición trilingüe (inglés, francés, español) | ||
| 590 |
_aBATCH-UPD _b10 _c20130110 _lUCH01 _h1044 |
||
| 590 |
_aBATCH-UPD _b10 _c20130410 _lUCH01 _h0643 |
||
| 590 |
_aBATCH-UPD _b10 _c20130914 _lUCH01 _h1349 |
||
| 590 |
_aCONVERSION _b10 _c20130109 _lUCH01 _h1347 |
||
| 650 | 1 | 4 |
_aPesca _xAdministración. _987353 |
| 650 | 1 | 4 |
_aPesquería. _987496 |
| 830 | 0 |
_aFAO. Informe de pesca _v; 589 _939587 |
|
| 901 | _aBK | ||
| 905 | _aMayto Villalobos S. | ||
| 942 | _cLIBRO | ||
| 949 |
_a639.2 F46 v.589 _bBC _cFAO _d33724000855706 _eFAO2 _fc.2 _gDonaciØn _h101667 _i96317 _sb |
||
| 949 |
_a639.2 F46 v.589 _bBC _cFAO _d33724000856142 _eFAO2 _fc.3 _gDonaciØn _h101838 _i96317 _sb |
||
| 949 |
_a639.2 F46 v.589 _bBC _cFAO _d33724000856159 _eFAO1 _gDonaciØn _h101666 _i96317 _sb |
||
| 999 |
_c84809 _d84809 |
||